NBA Players Who: Were 5 Feet Tall - Statistics

General Stats
  • This quiz has been taken 42 times
    31 since last reset
  • The average score is 8 of 144
Answer Stats
Height Years Played Player % Correct
5'3 1988-2001 Muggsy Bogues
89%
5'9 2012-Present Isaiah Thomas
81%
5'6 1986-1998 Spud Webb
67%
5'10 1989-2004 Avery Johnson
56%
5'10 2012 Carldell Johnson
56%
5'11 1950-1953 Ralph Johnson
56%
5'11 1978-1985 Robert Smith
48%
5'9 2006-2016 Nate Robinson
44%
5'10 2017 Pierre Jackson
37%
5'5 1999-2012 Earl Boykins
30%
5'11 1989 Michael Anderson
22%
5'9 1971-1983 Calvin Murphy
19%
5'10 1996-2008 Damon Stoudamire
19%
5'11 1995-2008 Darrick Martin
15%
5'8 1947-1948 Dino Martin
15%
5'7 1993-1995 Keith Jennings
15%
5'9 1968-1972 Larry Brown
15%
5'10 1986-1996 Michael Adams
15%
5'10 1950-1960 Slater Martin
15%
5'10 1998-2009 Brevin Knight
11%
5'11 2008-Present D.J. Augustin
11%
5'7 1990-1996 Greg Grant
11%
5'10 2017-2019 Tyler Ulis
11%
5'11 1990-2004 Dana Barros
7%
5'10 2020-Present Facundo Campazzo
7%
5'11 1992-2002 Terrell Brandon
7%
5'11 1994-1999 Adonis Jordan
4%
5'10 1950 Bob Wood
4%
5'10 1953 Bucky McConnell
4%
5'11 1950 Dee Gibson
4%
5'10 1988-1990 Eddie Hughes
4%
5'11 2018-2021 Frank Mason III
4%
5'10 2001 Khalid El-Amin
4%
5'6 1947 Mel Hirsch
4%
5'11 1989-1998 Scott Brooks
4%
5'11 1996-2005 Travis Best
4%
5'7 1948 Wat Misaka
4%
5'11 1950-1953 Al Cervi
0%
5'10 1953-1954 Al Masino
0%
5'10 2005-2008 Andre Barrett
0%
5'11 1987-1992 Andre Turner
0%
5'9 1947-1949 Angelo Musi
0%
5'11 1954 Bato Govedarica
0%
5'11 1968 Bill Bradley
0%
5'11 1950-1955 Bill Gabor
0%
5'10 1970-1976 Bill Keller
0%
5'11 1988 Billy Donovan
0%
5'11 1950-1951 Billy Hassett
0%
5'10 1973-1975 Billy Shepherd
0%
5'10 1950 Bobby Cook
0%
5'11 1970-1972 Bobby Washington
0%
5'10 1950 Bob Royer
0%
5'10 1947 Buck Sydnor
0%
5'11 1948-1950 Buddy Jeannette
0%
5'11 1947-1949 Buddy O'Grady
0%
5'10 2014 Casper Ware
0%
5'8 1978-1985 Charlie Criss
0%
5'9 1947-1948 Charlie Hoefer
0%
5'10 1947 Chet Aubuchon
0%
5'11 1948-1950 Chick Reiser
0%
5'11 2019-Present Chris Chiozza
0%
5'9 2019-2021 Chris Clemons
0%
5'10 1998-2001 Chris Garner
0%
5'11 2000-2010 Chucky Atkins
0%
5'11 2012 Courtney Fortson
0%
5'11 1949-1951 Curly Armstrong
0%
5'11 2015-2018 David Stockton
0%
5'11 2002-2003 Dean Oliver
0%
5'11 1979-1980 Del Beshore
0%
5'11 1953 Dick Groat
0%
5'10 1997-1998 Donald Whiteside
0%
5'10 1949 Donnie Forman
0%
5'11 1947-1949 Earl Shannon
0%
5'11 1947 Ed Kasid
0%
5'9 1947 Ed Melvin
0%
5'10 1947-1949 Ernie Calverley
0%
5'11 2011 Eugene Jeter
0%
5'10 1947 Frankie Baumholtz
0%
5'10 1947 Frank Mangiapane
0%
5'10 1947-1955 Fred Scolari
0%
5'11 1950 Gene Berce
0%
5'11 1950 Gene Ollrich
0%
5'9 1948 Gene Rock
0%
5'11 1947-1948 George Munroe
0%
5'11 1947 Hank Biasatti
0%
5'7 1948 Herm Klotz
0%
5'11 1996 Howard Nathan
0%
5'9 1962 Howie Carl
0%
5'11 1954 Isaac Walthour
0%
5'10 2019-Present Jared Harper
0%
5'7 1972 Jerry Dover
0%
5'10 1947-1950 Jerry Rullo
0%
5'10 1962 Jimmy Darrow
0%
5'10 1971 Jim Wilson
0%
5'10 1971-1976 Joe Hamilton
0%
5'11 1962-1972 Johnny Egan
0%
5'11 2019-Present Jordan McLaughlin
0%
5'11 2013 Josh Akognon
0%
5'11 2012-2013 Justin Dentmon
0%
5'9 2017-2018 Kay Felder
0%
5'11 2021-2022 Keifer Sykes
0%
5'10 1947-1951 Kenny Sailors
0%
5'11 1947-1948 Leo Gottlieb
0%
5'11 1950 Leo Kubiak
0%
5'9 1949 Lionel Malamed
0%
5'11 1988-1990 Mark Wade
0%
5'11 2021-Present McKinley Wright IV
0%
5'11 1947-1949 Mel Riebe
0%
5'10 1947-1948 Mickey Rottner
0%
5'10 1992-1993 Mike Iuzzolino
0%
5'11 1947-1950 Mike McCaron
0%
5'10 2003-2010 Mike Wilks
0%
5'7 1976-1977 Monte Towe
0%
5'9 1950 Murray Wier
0%
5'11 1948 Nat Hickey
0%
5'11 1947 Nick Shaback
0%
5'3 1969 Penny Early
0%
5'10 1947 Petey Rosenberg
0%
5'11 2014-2016 Phil Pressey
0%
5'11 1961 Pickles Kennedy
0%
5'10 1950-1951 Ralph Beard
0%
5'9 1952-1953 Ralph O'Brien
0%
5'10 1993-1996 Randy Woods
0%
5'11 1947-1948 Ray Wertis
0%
5'10 1949-1954 Red Holzman
0%
5'10 1950 Rollie Seltz
0%
5'10 1969 Russell Critchfield
0%
5'11 1948 Saul Mariaschin
0%
5'11 2011 Sherron Collins
0%
5'10 1947-1951 Sonny Hertzberg
0%
5'11 2002-2009 Speedy Claxton
0%
5'11 1990-1993 Stan Kimbrough
0%
5'10 1947-1949 Stan Stutz
0%
5'11 1991-1999 Steve Henson
0%
5'11 1959 Tommy Kearns
0%
5'10 1947 Tony Kappen
0%
5'10 2019-2022 Tremont Waters
0%
5'10 1999 Tyson Wheeler
0%
5'10 1996-2001 Tyus Edney
0%
5'11 1952-1957 Whitey Skoog
0%
5'8 1966-1969 Willie Somerset
0%
5'9 1969 Willie Worsley
0%
5'9 2005 Yuta Tabuse
0%
5'10 1952-1954 Zeke Sinicola
0%
No matching quizzes found
Score Distribution
Percent of People with Each Score
Percentile by Number Answered
Your Score History
You have not taken this quiz since the last reset